| 000 | 01800cam a2200385 a 4500 | ||
|---|---|---|---|
| 001 | 76248 | ||
| 005 | 20230410130801.0 | ||
| 008 | 080227s2008 maua b 001 0 eng | ||
| 010 | _a 2008009038 | ||
| 035 | _a(OCoLC)ocn212410225 | ||
| 040 |
_aDLC _cDLC _dYDX _dBAKER _dYDXCP _dBTCTA _dCDX _dBWK _dIXA _dKUT |
||
| 020 | _a9781405179249 (hbk. : alk. paper) | ||
| 020 | _a1405179244 (hbk. : alk. paper) | ||
| 020 | _a9781405179232 (pbk. : alk. paper) | ||
| 020 | _a1405179236 (pbk. : alk. paper) | ||
| 029 | 1 |
_aNZ1 _b12367853 |
|
| 029 | 1 |
_aAU@ _b000043319773 |
|
| 035 | _a(OCoLC)212410225 | ||
| 050 | 1 | 4 |
_aPN4749 _b.B35 2008 |
| 082 | 0 | 0 |
_a302.23 _222 |
| 049 | _aGRAL | ||
| 100 | 1 | _aBeckett, Charlie. | |
| 245 | 1 | 0 |
_aSupermedia : _bsaving journalism so it can save the world / _cCharlie Beckett. |
| 260 |
_aOxford : _bBlackwell, _c2008. |
||
| 300 |
_aix, 205 p. : _bill. ; _c23 cm. |
||
| 504 | _aIncludes bibliographical references (p. [171]-192) and index. | ||
| 505 | 0 | _aIntroduction: "The DailyPlanet.com" : why we must save journalism so that journalism can save the world -- "Help! Help! Who will save us?" : the new media landscape -- "Is it a bird? Is it a plane? No! It's SuperMedia!" : networked journalism -- "Will nobody do anything to help?" : networked journalism and politics -- Fighting evil : terror, community, and networked journalism -- We can all be super heroes : networked journalism in action : editorial diversity and media literacy. | |
| 650 | 0 |
_aJournalism _xSocial aspects. |
|
| 650 | 0 | _aJournalism. | |
| 856 | 4 | 1 |
_3Table of contents only _uhttp://www.loc.gov/catdir/toc/ecip0812/2008009038.html |
| 938 |
_aBlackwell Book Service UK _bBBUK _nL6792743 _c45.00 |
||
| 938 |
_aCoutts Information Services _bCOUT _n7195840 |
||
| 942 |
_2lcc _cbk |
||
| 994 |
_aC0 _bDRFGD |
||
| 999 |
_c80329 _d80329 |
||